[Event "AUS-ch U12 op"]
[Site "Sandy Bay"]
[Date "2010.01.20"]
[Round "7"]
[White "Jack, Martin"]
[Black "Pyper, Matthew"]
[Result "1-0"]
[WhiteElo "1349"]
[BlackElo "1048"]
[PlyCount "137"]
[EventDate "2010.01.14"]
[EventType "swiss"]
[EventRounds "11"]
[EventCountry "AUS"]
[SourceTitle "EXT 2011"]
[Source "ChessBase"]
[SourceDate "2010.11.26"]
[SourceVersion "1"]
[SourceVersionDate "2010.11.26"]
[SourceQuality "1"]

1. e4 d5 2. exd5 Nf6 3. c4 e6 4. dxe6 Bxe6 5. d4 Bb4+ 6. Bd2 Qe7 7. Qe2 0-0 8. d5 Bg4 9. Qxe7 Bxe7 10. h3 Bh5 11. Bd3 Re8 12. Ne2 Bc5 13. Nbc3 Bb4 14. f4 Bxc3 15. Bxc3 Bxe2 16. Bxe2 Ne4 17. g4 Nd7 18. Rh2 Ndc5 19. Bd4 Na4 20. b3 Nac3 21. Bxc3 Nxc3 22. Kd2 Ne4+ 23. Kc2 Nc5 24. b4 Na4 25. c5 a6 26. Bd3 Red8 27. Bc4 a5 28. a3 b6 29. c6 axb4 30. axb4 b5 31. Bb3 Nb6 32. Rxa8 Rxa8 33. Rd2 Rd8 34. Kc3 Nc8 35. Re2 Kf8 36. Kd4 Nd6 37. Ra2 Re8 38. Bc2 h6 39. Bd3 g6 40. h4 f5 41. gxf5 gxf5 42. Re2 Ra8 43. Re6 Ra4 44. Kc3 Ra3+ 45. Kc2 Ra2+ 46. Kb3 Rd2 47. Kc3 Rf2 48. Rxd6 Rxf4 49. Rxh6 Ke7 50. h5 Rf3 51. Rh7+ Kd6 52. Rd7+ Ke5 53. h6 Rh3 54. h7 Rh6 55. Bxb5 Rh1 56. Bd3 Rc1+ 57. Kd2 Rh1 58. Kc3 Rc1+ 59. Bc2 Rh1 60. b5 Rh3+ 61. Bd3 Kf6 62. b6 Kg6 63. bxc7 Rxd3+ 64. Kxd3 f4 65. h8N+ Kg5 66. c8Q f3 67. Rg7+ Kf6 68. Qf8+ Ke5 69. Rg5# 1-0

[Event "AUS-ch U12 op"]
[Site "Sandy Bay"]
[Date "2010.01.16"]
[Round "4"]
[White "Gong, William"]
[Black "Pyper, Matthew"]
[Result "0-1"]
[WhiteElo "764"]
[BlackElo "1048"]
[PlyCount "112"]
[EventDate "2010.01.14"]
[EventType "swiss"]
[EventRounds "11"]
[EventCountry "AUS"]
[SourceTitle "EXT 2011"]
[Source "ChessBase"]
[SourceDate "2010.11.26"]
[SourceVersion "1"]
[SourceVersionDate "2010.11.26"]
[SourceQuality "1"]

1. d4 d5 2. c4 e6 3. Nc3 c6 4. Nf3 dxc4 5. e4 b5 6. a4 Bb4 7. Bd2 Nf6 8. e5 Nd5 9. axb5 Bxc3 10. bxc3 cxb5 11. g3 0-0 12. Bg2 Nc6 13. Rb1 a6 14. 0-0 Qc7 15. Ng5 h6 16. Ne4 Nce7 17. Nd6 Bb7 18. Qc2 Nc8 19. Ne4 Ncb6 20. Nc5 Nd7 21. Ne4 N7b6 22. Nc5 Bc6 23. Ra1 a5 24. Bc1 b4 25. cxb4 Nxb4 26. Qc3 Bxg2 27. Kxg2 Qc6+ 28. Kg1 N4d5 29. Qc2 Nc7 30. Bd2 Rfd8 31. Bxa5 Rxd4 32. Bxb6 Rxa1 33. Rxa1 Qxb6 34. Na4 Qa6 35. Rb1 g6 36. Qc3 Qa7 37. Ra1 Nd5 38. Qc1 Qc7 39. Qc2 c3 40. Rd1 Rxd1+ 41. Qxd1 c2 42. Qc1 Nb4 43. Kg2 Qc6+ 44. Kh3 Nd3 45. Qxh6 Nxf2+ 46. Kh4 Qc4+ 47. Qf4 g5+ 48. Kxg5 Nh3+ 49. Kf6 Nxf4 50. gxf4 Qxf4+ 51. Ke7 Qh4+ 52. Kd6 Qb4+ 53. Kd7 Qxa4+ 54. Ke7 c1Q 55. h3 Qc7+ 56. Kf6 Qd8# 0-1

[Event "AUS-ch U12"]
[Site "Adelaide"]
[Date "2009.01.08"]
[Round "7"]
[White "Cameron, Lachlan"]
[Black "Pyper, Matthew"]
[Result "1-0"]
[WhiteElo "759"]
[BlackElo "760"]
[PlyCount "79"]
[EventDate "2009.01.02"]
[EventType "swiss"]
[EventRounds "11"]
[EventCountry "AUS"]
[SourceTitle "CBM 128 Extra"]
[Source "ChessBase"]
[SourceDate "2009.03.05"]
[SourceVersion "2"]
[SourceVersionDate "2009.03.25"]
[SourceQuality "1"]

1. e4 d5 2. exd5 Qxd5 3. Nc3 Qa5 4. d4 Nf6 5. Nf3 c6 6. Ne5 Nbd7 7. Nc4 Qc7 8. g3 b5 9. Bf4 Qd8 10. Nd2 Bb7 11. Bg2 b4 12. Nb5 Rc8 13. Nxa7 Ra8 14. Nb5 cxb5 15. Bxb7 Ra7 16. Bc6 Qb6 17. Bxd7+ Rxd7 18. Nb3 Nd5 19. Bd2 Qc6 20. 0-0 g6 21. Qe1 Qxc2 22. Qc1 Qf5 23. Qc8+ Rd8 24. Qxf5 gxf5 25. Rac1 Rg8 26. Rc5 e6 27. Rxb5 h5 28. h4 f4 29. Kh2 Bd6 30. gxf4 Nxf4 31. Bxf4 Bxf4+ 32. Kh3 f5 33. Re1 Kf7 34. Rb7+ Kf6 35. Nc5 Rde8 36. Rxb4 Bd2 37. Rb7 Bxe1 38. Nd7+ Ke7 39. Ne5+ Kd6 40. Rd7# 1-0

[Event "AUS-ch U12"]
[Site "Adelaide"]
[Date "2009.01.02"]
[Round "1"]
[White "Gu, Sean"]
[Black "Pyper, Matthew"]
[Result "1-0"]
[WhiteElo "1542"]
[BlackElo "760"]
[PlyCount "95"]
[EventDate "2009.01.02"]
[EventType "swiss"]
[EventRounds "11"]
[EventCountry "AUS"]
[SourceTitle "CBM 128 Extra"]
[Source "ChessBase"]
[SourceDate "2009.03.05"]
[SourceVersion "2"]
[SourceVersionDate "2009.03.25"]
[SourceQuality "1"]

1. e4 d5 2. exd5 Qxd5 3. Nc3 Qa5 4. d4 Nf6 5. Nf3 Bg4 6. Bc4 e6 7. Bd2 c6 8. Nd5 Qd8 9. Nxf6+ Qxf6 10. Be2 Bxf3 11. Bxf3 Nd7 12. Bc3 Qe7 13. 0-0 0-0-0 14. Qe2 c5 15. dxc5 Qxc5 16. a4 Rg8 17. a5 a6 18. Ra4 Kb8 19. Qe4 Qb5 20. Bb4 Nf6 21. Qf4+ e5 22. Qh4 Qxa4 23. Bd6+ Bxd6 24. Qxa4 e4 25. Bxe4 Nxe4 26. Qxe4 Rge8 27. Qf3 f6 28. g3 g5 29. Qxf6 Be7 30. Qf3 Rf8 31. Qe4 Bc5 32. c3 Rd2 33. Qe5+ Bd6 34. Qxg5 Rxb2 35. Qh6 Bc5 36. Qxh7 Bxf2+ 37. Kh1 Re8 38. Qf7 Ree2 39. Qh5 Be3 40. g4 Bg5 41. Qh8+ Ka7 42. Qd4+ Kb8 43. Rf8+ Kc7 44. Qc5+ Kd7 45. Rf7+ Ke6 46. Qf5+ Kd6 47. Rd7+ Kc6 48. Qd5# 1-0